000 00368nam a2200133Ia 4500
008 220204s9999 xx 000 0 und d
082 _a631.4:001.814(540)
_bKAN
100 _aKANWAR, J S
245 0 _aReview of soil research in India.
260 _aDelhi
_bIndian Society of Soilscience
_c1971
650 _aSoil testing
700 _aRAYCHAUDHURI, S P
942 _cBK
999 _c21629
_d21629